Diseño geométrico y estructura de pavimento flexible del tramo San Sebastián de Yalí - El Tigre, departamento de Jinotega, por el método aashto-93
El presente estudio tiene como objetivo realizar una propuesta de diseño geométrico haciendo uso de civil 3D y de estructura de pavimento flexible de 5.0 kilómetros, ubicado en el departamento de Jinotega – Municipio de San Sebastián de Yalí, aplicando el método AASHTO-93.
| Main Authors: | , , |
|---|---|
| Other Authors: | |
| Format: | Tesis Section = Libro |
| Language: | Undetermined Spanish |
| Published: |
Managua
UNI
2021
|
| Subjects: |
| LEADER | 01329nam a2200301Ia 4500 | ||
|---|---|---|---|
| 008 | 240830s9999 xx 000 0 und d | ||
| 040 | |a BIBLIOTECA-RUPAP/ Mon 625.85 R621 | ||
| 041 | |a spa | ||
| 082 | |a Mon 625.85 R621 | ||
| 100 | 1 | |a Rivera Gutiérrez, Oliver Josué | |
| 100 | 1 | |b Hurtado Soriano, Pedro Rafael | |
| 100 | 1 | |c Hernández Castillo, Luis Ernesto | |
| 245 | 1 | 0 | |a Diseño geométrico y estructura de pavimento flexible del tramo San Sebastián de Yalí - El Tigre, departamento de Jinotega, por el método aashto-93 |
| 260 | |a Managua |b UNI |c 2021 | ||
| 300 | |a 107 p.:il. | ||
| 500 | |a Contiene: anexos y CD. | ||
| 502 | |a Tesis (Ingeniero Civil)- UNI, 2021. | ||
| 520 | 3 | |a El presente estudio tiene como objetivo realizar una propuesta de diseño geométrico haciendo uso de civil 3D y de estructura de pavimento flexible de 5.0 kilómetros, ubicado en el departamento de Jinotega – Municipio de San Sebastián de Yalí, aplicando el método AASHTO-93. | |
| 650 | 7 | |a PAVIMENTOS-DISEÑO Y CONSTRUCCION | |
| 650 | 7 | |b PAVIMENTOS DE ASFALTO | |
| 650 | 7 | |c DISEÑO GEOMETRICO | |
| 650 | 7 | |d ESTUDIOS DE SUELOS | |
| 650 | 7 | |e ESTUDIO DE TRANSITO | |
| 650 | 7 | |f CARRETERAS-MANTENIMIENTO Y REPARACION | |
| 700 | 1 | |a Tutor: |b Navarro Hudiel, Sergio | |
| 942 | |c BK |2 ddc | ||
| 991 | |a TESIS | ||
| 999 | |c 19020 | ||